000 01317nam a2200313 c 4500
999 _c118806
_d118806
003 BLK
005 20221208103159.0
008 180409b bul|||||r ||||||| ||bul||
010 _aKNG00124417000
040 _aBLK
041 _aBUL
_cBUL
080 _aМедицина
_b61
_x:002.6(035)
_z61:002.6(035)
080 _aИнформационни институти, центрове и бюра. Вж и 026; 061.6
_b002.6
_x(035)
_z002.6(035)
100 1 _aМичков, Христо Стоименов
_eпърви автор
_998235
139 _aМичков, Христо Стоименов
_bМ 76
245 1 0 _aНаучният медицински труд - информационно търсене, структура, оформление
_bРъководство
_cХристо Стоименов Мичков.
257 _aBGR
260 _aСофия
_bМедицина и физкултура
_c1980
300 _a76 с.
_c22 см
380 _a61
500 _aБиблиогр. с. 74-75
650 4 _aМедицина
_9161604
650 4 _aНаучна информация
_9289456
852 _aЦб 106043
856 4 _qpdf
_i0.00
_ldisable
856 4 _qpdf
_i0.00
_ldisable
942 _cKNG
_n0
_s1
944 _aCR
_c19.07.2011
_l19.07.2011 - от С1,Р / 19.07.2011
_kНора_Радева
944 _aED
_c19.07.2011
_l19.07.2011 - от С1,Р / 19.07.2011
944 _aED
_c2022-12-08
_kХристина Везирева
999 _d118806